000 00770nam0a22002531 4500
001 v19\rc\1779858
005 20250619073119.0
035 _a(NLR Aleph) 004874246
090 _a5119063
_c5119063
100 _a20061204d1904 |||y0rusy50 ca
101 1 _arus
_cger
102 _aRU
105 _ay z |||||
200 1 _aМонеты всех государств на земном шаре
_fПер. с нем. Я. Фрейдберг
210 _aЛибава
_cкн. маг. Э.К. Корна
_dценз. 1904
215 _a79 с.
_d11
702 1 _aФрейдберг
_bЯ.
_4730
801 0 _aRU
_bNLR
_gpsbo
801 0 _aRU
_bRuMoRGB
_2psbo
801 1 _aRU
_bProSoft-M
_2rusmarc
852 _aNLR
_j38.62.8.6
899 _aRuMoRGB
_jF 66/326
942 _cBOOK
980 _aNB